000 00588nam a22001937a 4500
003 OSt
005 20170509134938.0
008 170509b xxu||||| |||| 00| 0 eng d
020 _a0521461677
040 _cDDC.
082 _a530.1AMB 1997.
100 _aAmbjorn,Jan;Durhuus,Bergfinnur;Jonsson,Thordur;
_912125
245 _aQuantum Geometry :A statistical field theory approach.
260 _aCambridge;Cambridge University Press,1997.
300 _axix,363p;ill:24cm.
504 _aincludes references and index.
650 _aMatyhematical Physics.
_912126
942 _2ddc
_cO_SHELF
999 _c5838
_d5838